1407 1809 1249 1623 1357 1537 1924 1722 1485 1538 1991 1540 1303 1195 1089 1727 1565 1182 1091 1254 1177 1304 1100 1401 1217 1514 1294 1876 1795 1969 1145 1381 1230 1526 1368 1770 1571 1646 1099 1257 1986 1526 1827 1878 1472 1506 1542 1329 1450 1092 1635 1363 1935 1879 1055 1350 1908 1321 1277 1356 1044 1366 1748 1357 1550 1015 1311 1391 1388 1279 1405 1484 1506 1047 1003 1532 1265 1634 1594 1211 1442 1328 1606 1999 1989 1437 1908 1707 1726 1197 1157 1778 1629 1435 1404 1366 1873 1598 1415 BCNSPRNW ULIB Ver.6.0+V

เปลี่ยนเป็นภาษาไทย

Change to English
 แสดงรายละเอียดบรรณานุกรม
  กลับหน้าหลัก

Brief Record : Get Marc (ISO 2709) : E-mail record : QR code < ปิดหน้าต่าง
LEADER : 00000nam 2200000uu 4500
001    13399122767
003     ULIB
008    130917s2555||||th 000 0 tha d
020    ^a9786167448268
060 04 ^aWJ342^bพ199ต
100 0  ^aพนิดา กุลประสูติดิลก
245 10 ^aไตวาย การควบคุม ดูแลรักษา และการป้องกัน /^cพนิดา กุลประสูติดิลก
250    ^aพิมพ์ครั้งที่ 2
260    ^aกรุงเทพฯ :^bFeel good,^c2555
300    ^a191 หน้า :^bภาพประกอบ ;^c21 ซม.
650  4 ^aไตวาย^xการป้องกันและควบคุม
650  4 ^aไตวาย^xการรักษา
945    ^p155^l0^i20216
999    ^aทศพร เกษรทอง
รายการนี้ยังไม่มีแท็ก
คุณยังไม่ได้ล็อกอิน คุณสามารถมีกิจกรรมร่วมกับเว็บไซต์ได้ แต่ต้องล็อกอินก่อน ::
  ล็อกอิน

รายการสื่อสารสนเทศ

ลำดับที่ ประเภท เลขเรียก/บาร์โค้ด สถานที่ สถานะ
- ไม่พบข้อมูล -

รายการใกล้เคียง
    ผู้แต่ง [พนิดา กุลประสูติดิลก]

BibComment


ยังไม่เคยถูกคอมเมนท์

คอมเมนท์ทรัพยากรรายการนี้
  คอมเมนท์: ไตวาย การควบคุม ..


 Copyright 2026. Bcnsprnw @Library